| 000 | 01036 a2200241 4500 | ||
|---|---|---|---|
| 999 |
_c1779 _d1779 |
||
| 020 | _a0538885009 | ||
| 050 | 0 | 0 | _aHF5679 GEL 1999 |
| 100 | 1 |
_aGelinas, Ulric J. _eauthor |
|
| 245 | 1 | 0 |
_aAccounting information systems / _cUlric J. Gelinas, Jr., Steve G. Sutton, Allan E. Oram. |
| 250 | _a4th ed. | ||
| 264 |
_aCincinnari _bSouth Western College Publishing _c1999 |
||
| 300 |
_a1 v. (various pagings) : _bill. ; |
||
| 500 | _aIncludes index | ||
| 504 | _aIncludes bibliography | ||
| 650 | 0 |
_aAccounting _xData processing. |
|
| 700 | 1 | _aSutton, Steve G. | |
| 700 | 1 | _aOram, Allan E. | |
| 856 | 4 | 2 |
_3Contributor biographical information _uhttp://www.loc.gov/catdir/enhancements/fy1514/98042026-b.html |
| 856 | 4 | 2 |
_3Publisher description _uhttp://www.loc.gov/catdir/enhancements/fy1514/98042026-d.html |
| 856 | 4 | 1 |
_3Table of contents only _uhttp://www.loc.gov/catdir/enhancements/fy1514/98042026-t.html |
| 942 |
_2lcc _cBK _e4th _h5679 _iGEL _kHF |
||